| 000 | 01527nam1a2200349 i 4500 | ||
|---|---|---|---|
| 001 | RU\NLR\bibl\894589 | ||
| 005 | 20260407124455.0 | ||
| 035 | _a(NLR Aleph) 000883064 | ||
| 090 |
_a1671168 _c1671168 |
||
| 100 | _a20051227g20059999u y0rusy50 ca | ||
| 101 | 0 | _arus | |
| 102 | _aRU | ||
| 105 | _a||||z ||||| | ||
| 200 | 1 |
_aКалендарь Пушкинианы _fЦентрализ. библ. система г. Белгорода, Пушкин. библ.-музей, Белгород. фил. Рос. фонда культуры _g[авт.-сост.: Ю. С. Азарова и др.] |
|
| 210 |
_aБелгород _cКОНСТАНТА _d2005 |
||
| 215 | _d21 | ||
| 463 | 0 | _1001868147 | |
| 463 | 0 | _1001944398 | |
| 600 | 1 |
_aПушкин _bА.С. _f1799 - 1837 _gАлександр Сергеевич _jКалендари _91155086 _3RU\NLR\auth\66143362 |
|
| 600 | 1 |
_aПушкин _bА. С. _f1799 - 1837 _gАлександр Сергеевич _xБиография _92086022 _3RU\NLR\auth\661262149 |
|
| 686 | _aШ5(2=Р)51-4Пушкин.я25 | ||
| 686 | _aШ5(2=Р)51-4Пушкин25 | ||
| 702 | 1 |
_aАзарова _bЮ. С. _4220 |
|
| 712 | 0 | 2 |
_4570 _aПушкинская библиотека-музей _cБелгород _3RU\NLR\AUTH\8810074144 _9650249 |
| 801 | 0 |
_aRU _bNLR _c20051227 _grcr |
|
| 801 | 1 |
_aRU _bNLR _c20051227 |
|
| 852 |
_aNLR _j2005-4/44784 |
||
| 942 | _cBOOK | ||